| 000 | 00833nam a2200265 a 4500 | ||
|---|---|---|---|
| 001 | 66235 | ||
| 003 | BD-RjUL | ||
| 005 | 20211209081520.0 | ||
| 008 | 170315s1987 nyua 001 0 eng d | ||
| 020 | _a0471898279 : | ||
| 035 | _a(BD-RjUL)66365 | ||
| 040 |
_aDLC _cDLC _dBD-RjUL _beng |
||
| 041 | _aeng | ||
| 082 | 0 | 0 |
_a005.265 _223 _bDIB 1987 |
| 100 | 1 |
_aDiehr, George _9196017 |
|
| 245 | 1 | 0 |
_aBASIC programming for the IBM personal computer / _cGeorge Diehr ; Terry Barron ; Thomas Munro |
| 260 |
_aNew York : _bJohn Wiley & Sons, _cc1987. |
||
| 300 |
_axviii, 534 p. : _bill. ; _c28 cm. |
||
| 500 | _aIncludes index. | ||
| 650 | 0 |
_aIBM Personal Computer _xProgramming. _9184092 |
|
| 650 | 0 |
_aBASIC (Computer program language) _9177088 |
|
| 700 | 1 |
_aBarron, Terry _9196018 |
|
| 700 | 1 |
_aMunro, Thomas _9196019 |
|
| 942 |
_2ddc _cBK |
||
| 999 |
_c66235 _d66235 |
||